| Tag |
First Indicator |
Second Indicator |
Subfields |
| LEADER |
00000cem a2200000Ia 4500 |
| 001 |
in00002771981 |
| 005 |
20151202171525.0 |
| 007 |
aj ca||| |
| 008 |
100521s1976 txu u 0 eng d |
| 034 |
1 |
|
|a a
|b 62500
|
| 034 |
1 |
|
|a a
|b 126720
|
| 035 |
|
|
|a (OCoLC)ocn624468755
|
| 035 |
|
|
|a (OCoLC)624468755
|
| 040 |
|
|
|a U3G
|c U3G
|d TXA
|d UtOrBLW
|
| 049 |
|
|
|a TXAM
|
| 052 |
|
|
|a 4033
|b T7
|
| 090 |
|
|
|a G4033.T7C5 1976
|b .U5
|
| 110 |
2 |
|
|a University of Texas at Austin.
|b Bureau of Economic Geology.
|
| 245 |
1 |
0 |
|a Environmental geology of Austin area /
|c Bureau of Economic Geology, the University of Texas at Austin.
|
| 255 |
|
|
|a Scale 1:62,500.
|
| 255 |
|
|
|a Scale 1:126,720.
|
| 264 |
|
1 |
|a Austin :
|b University of Texas at Austin, Bureau of Economic Geology,
|c [1976]
|
| 264 |
|
3 |
|c reprinted 1980
|
| 300 |
|
|
|a 7 maps :
|b color ;
|c 75 x 61 cm. or 38 x 31 cm.
|
| 336 |
|
|
|a cartographic image
|b cri
|2 rdacontent
|
| 337 |
|
|
|a unmediated
|b n
|2 rdamedia
|
| 338 |
|
|
|a sheet
|b nb
|2 rdacarrier
|
| 500 |
|
|
|a Accompanied by Environmental Geology of the Austin Area.
|
| 505 |
0 |
|
|a Plate I. Rock type map of the Austin area, Texas -- Plate II. Physical properties map -- Plate III. Slope intensity map -- Plate IV. Soil map -- Plate V. Drainage basins and floodprone areas -- Plate VI. Land use and natural vegetation, Austin area, Texas -- Plate VII. Geologic map of the Austin area, Texas.
|
| 500 |
|
|
|a Cartographic material.
|
| 650 |
|
0 |
|a Geology
|z Texas
|z Travis County
|v Maps.
|
| 650 |
|
0 |
|a Land use
|z Texas
|z Austin Region
|x Planning
|v Maps.
|
| 651 |
|
0 |
|a Travis County (Tex.)
|v Maps.
|
| 948 |
|
|
|a cataloged
|b h
|c 2012/6/25
|d c
|e jgreene
|f 12:03:52 pm
|
| 994 |
|
|
|a C0
|b TXA
|
| 999 |
|
|
|a MARS
|
| 999 |
f |
f |
|s 57573214-f3a2-30d6-a340-e4d080a3e6e5
|i 28163715-2595-3e65-8f41-716ba092bea7
|t 0
|
| 952 |
f |
f |
|p normal
|a Texas A&M University
|b College Station
|c Sterling C. Evans Library
|d Evans: Maps (2nd floor)
|t 0
|e G4033.T7C5 1976 .U5
|h Library of Congress classification
|i unmediated -- sheet
|k Plate 4
|m A14841093823
|
| 952 |
f |
f |
|p normal
|a Texas A&M University
|b College Station
|c Sterling C. Evans Library
|d Evans: Maps (2nd floor)
|t 0
|e G4033.T7C5 1976 .U5
|h Library of Congress classification
|i unmediated -- sheet
|k Plate 2
|m A14841093742
|
| 952 |
f |
f |
|p normal
|a Texas A&M University
|b College Station
|c Sterling C. Evans Library
|d Evans: Maps (2nd floor)
|t 0
|e G4033.T7C5 1976 .U5
|h Library of Congress classification
|i unmediated -- sheet
|k Plate 1
|m A14841093700
|
| 952 |
f |
f |
|p normal
|a Texas A&M University
|b College Station
|c Sterling C. Evans Library
|d Evans: Maps (2nd floor)
|t 0
|e G4033.T7C5 1976 .U5
|h Library of Congress classification
|i unmediated -- sheet
|k Plate 3
|m A14841093784
|
| 952 |
f |
f |
|p normal
|a Texas A&M University
|b College Station
|c Sterling C. Evans Library
|d Evans: Maps (2nd floor)
|t 0
|e G4033.T7C5 1976 .U5
|h Library of Congress classification
|i unmediated -- sheet
|k Plate 5
|m A14841093904
|
| 952 |
f |
f |
|p normal
|a Texas A&M University
|b College Station
|c Sterling C. Evans Library
|d Evans: Maps (2nd floor)
|t 0
|e G4033.T7C5 1976 .U5
|h Library of Congress classification
|i unmediated -- sheet
|k Plate 6
|m A14832552658
|
| 952 |
f |
f |
|p normal
|a Texas A&M University
|b College Station
|c Sterling C. Evans Library
|d Evans: Maps (2nd floor)
|t 0
|e G4033.T7C5 1976 .U5
|h Library of Congress classification
|i unmediated -- sheet
|k Plate 7
|m A14841093865
|
| 998 |
f |
f |
|a G4033.T7C5 1976 .U5
|s Plate 1-7
|t 0
|l Evans: Maps (2nd floor)
|